LEADER 01294nam a2200313 u 4500 001 000000084496 003 CaOOAMICUS 005 20070226124102.0 008 050622s2003 enk u000 u eng u 020 $a0-415-31840-8 (Set) 020 $a0-415-31841-6 (volume I) 035 $a11052344 040 $aPUL$bita 100 1 $aAhern, Barnabas Mary.$0(OLS)http://pul/name/55661 245 14$aThe problem of Evil /$cby M.B. Ahern. 260 $aLondon :$bRoutledge & Kegan Paul,$c2003. 300 $axiv, 85 p. ;$c22 cm 490 1 $aStudies in ethics and the philosophy of religion ;$v1 500 $aContiene indice. 504 $aBibliografia: p. [80]-82. 650 4$aTeodicea.$0(OLS)http://pul/subject/5640 830 0$aStudies in ethics and the philosophy of religion ;$v1.$0(OLS)http://pul/title/75452 850 $aPUL 852 $aPUL$W1$xSL Religione 3$y85$m210 PHIDE 1.1$j121508$nBK-PRI$qDDC 21$B107445$CPULBib$Z2$F107445 $H98447 $82 941 1 $a9 996 $6020$a0-415-31840-8 (Set)$9(OLS)http://pul/number/111910 996 $6020$a0-415-31841-6 (volume I)$9(OLS)http://pul/number/111926 996 $6245$aThe problem of Evil$9(OLS)http://pul/title/109896 996 $6260$aLondon :$bRoutledge & Kegan Paul$9(OLS)http://pul/publisher/49630 LEADER 01451nam a2200349 4500 001 000000149289 003 CaOOAMICUS 005 20160211182243.0 008 160210s1994 it af 000 u ita r 020 $a88-7263-057-6* 032 $aLibriCat 040 $aPUL$bita 082 14$a262.04 100 1 $aGherardini, Brunero,$csac.,$d1925-2017.$0(OLS)http://pul/name/4228 245 00$aCreatura Verbi :$bla Chiesa nella teologia di Martin Lutero /$cBrunero Gherardini. 260 $aRoma :$bVivere In,$c1994. 300 $a378 p. ;$bill., tav.; $c21 cm 504 $aBibliografia in nota a pič pagina. 600 14$aLuther, Martin,$d1483-1546$xCritica e interpretazione.$0(OLS)http://pul/subject/1156 650 4$aRiforma.$0(OLS)http://pul/subject/330 650 4$aProtestantesimo$xStoria.$0(OLS)http://pul/subject/5009 850 $aPUL 852 $aPUL$W1$xSL Religione 3$y85$m262. 04 GHEBR 1$j171941$qDDC 21$B173532$CPULBib$Z2$F173532 $H127054 $81 941 1 $a9 960 $aProtestantesimo$9330 960 $aProtestantesimo$9330 960 $aRiforma protestante$9330 996 $6020$a88-7263-057-6*$9(OLS)http://pul/number/159620 996 $6082$a262.04$9(OLS)http://pul/classification/2893 996 $6245$aCreatura Verbi :$bla Chiesa nella teologia di Martin Lutero$9(OLS)http://pul/title/188221 996 $6260$aRoma :$bVivere In$9(OLS)http://pul/publisher/51484